/ مولانا ابل کلام آزاد (Record no. 109221)

MARC details
000 -LEADER
fixed length control field 00922nam a22002537a 4500
005 - DATE AND TIME OF LATEST TRANSACTION
control field 20170123162350.0
010 ## - LIBRARY OF CONGRESS CONTROL NUMBER
LC control number B-070022
020 ## - INTERNATIONAL STANDARD BOOK NUMBER
Terms of availability 25.00
035 ## - SYSTEM CONTROL NUMBER
System control number B-070022
037 ## - SOURCE OF ACQUISITION
Source of stock number/acquisition Cen Lib/Ret
040 ## - CATALOGING SOURCE
Original cataloging agency DPL
Language of cataloging UR
082 ## - DEWEY DECIMAL CLASSIFICATION NUMBER
Classification number 921
Item number ا ب و
100 ## - MAIN ENTRY--PERSONAL NAME
Personal name دسنوی، عبد القوی
9 (RLIN) 113882
245 ## - TITLE STATEMENT
Title / مولانا ابل کلام آزاد
Statement of responsibility, etc عبد القوی دسنوی
246 ## - VARYING FORM OF TITLE
Title proper/short title Mualana abul kalam azad /
Remainder of title by Abdul-Qawi Dasnawi
260 ## - PUBLICATION, DISTRIBUTION, ETC. (IMPRINT)
Place of publication, distribution, etc نی دہلی
Name of publisher, distributor, etc سآ ہتیہ اکادمی
Date of publication, distribution, etc 1987
270 ## - ADDRESS
Address نیی فروز شاہ روڈ
City نی دہلی
300 ## - PHYSICAL DESCRIPTION
Extent 183p.
Dimensions 20cm(pbk)
650 ## - SUBJECT ADDED ENTRY--TOPICAL TERM
Topical term or geographic name as entry element سوانح
9 (RLIN) 139165
650 ## - SUBJECT ADDED ENTRY--TOPICAL TERM
Topical term or geographic name as entry element مولانا ابل کلام آزاد سیاسی رہنما
Geographic subdivision ہندوستان
9 (RLIN) 139166
650 ## - SUBJECT ADDED ENTRY--TOPICAL TERM
Form subdivision
Topical term or geographic name as entry element Biography
9 (RLIN) 7490
650 ## - SUBJECT ADDED ENTRY--TOPICAL TERM
Topical term or geographic name as entry element Political leader Mualana abul kalam aza
Geographic subdivision India
9 (RLIN) 139167
942 ## - ADDED ENTRY ELEMENTS (KOHA)
Source of classification or shelving scheme Dewey Decimal Classification
Koha item type Urdu Bks
Classification part 921
Call number suffix ا ب و
Holdings
Withdrawn status Lost status Damaged status Not for loan Home library Current library Date acquired Source of acquisition Cost, normal purchase price Total Checkouts Full call number Barcode Date last seen Copy number Cost, replacement price Price effective from Koha item type
        Central Library Central Library 26/02/2016 Cen Lib/Ref 25.00   921 ا ب و B-070022 26/02/2016 1 25.00 26/02/2016 Urdu Bks

© Delhi Public Library
Hit Counter
free hit counter